| 000 | 00532nam a22001937a 4500 | ||
|---|---|---|---|
| 003 | BUBTL | ||
| 008 | 190120b xxu||||| |||| 00| 0 eng d | ||
| 020 | _a978-984-33-7509-4 | ||
| 082 | _a346.096/ R1293l/ 2013 | ||
| 100 |
_92144 _aRahman, Khaledur |
||
| 245 |
_aLaws On Negotiable Instruments / _cKhaledur Rahman |
||
| 250 | _a1st Edn. | ||
| 260 |
_aDhaka: _bLaw Palace, _cc2013 |
||
| 300 |
_a269 p.: _c21 cm. |
||
| 650 | 0 |
_92145 _aLaw |
|
| 856 |
_k0 _l0 _yDownload |
||
| 942 |
_2ddc _cBK |
||
| 999 |
_c5867 _d5867 |
||